Normal view
MARC view
- العلوم الاجتماعية-دراسة وتعليم
Entry Topical Term
001 - CONTROL NUMBER
- control field: 37141
003 - CONTROL NUMBER IDENTIFIER
- control field: JO-AjAnu
005 - DATE AND TIME OF LATEST TRANSACTION
- control field: 20230606080209.0
008 - FIXED-LENGTH DATA ELEMENTS
- fixed length control field: 230606|| aca||aabn | a|a d
040 ## - CATALOGING SOURCE
- Original cataloging agency: JO-AjAnu
- Transcribing agency: JO-AjAnu
150 ## - HEADING--TOPICAL TERM
- Topical term or geographic name entry element: العلوم الاجتماعية-دراسة وتعليم
670 ## - SOURCE DATA FOUND
- Source citation: Work cat.: (JO-AjAnu)19060: روبرت بار، جيمس بارز، صامويل شيرمس؛ ترجمة فاطمة ابراهيم حميدة, author 37140, طبيعة المواد الاجتماعية =The Nature of The Social Srudies